| 000 | 01362nam2a22002531 4500 | ||
|---|---|---|---|
| 001 | v19\rc\1890988 | ||
| 005 | 20250908195303.0 | ||
| 035 | _a(NLR Aleph) 004978436 | ||
| 090 |
_a6159321 _c6159321 |
||
| 100 | _a20080221d1911 u y0rusy50 ca | ||
| 101 | 0 | _arus | |
| 102 | _aRU | ||
| 105 | _ay z ||||| | ||
| 200 | 1 |
_aНоменклатура частей пассажирского паровоза 2-3-0... _eЧ. 1-2 _fО-во Путиловск. заводов |
|
| 210 |
_aСанкт-Петербург _cтипо-лит. И.Я. Земцова _d1911 |
||
| 215 |
_a[7], 110 с. _d32 |
||
| 461 | 0 |
_1001v19\rc\1890985 _12001#$aАльбом детальных чертежей пассажирского паровоза 2-3-0 с пароперегревателем системы Шмидта правительственного заказа$vПриложение... _96159295 _cСанкт-Петербург _d1911 _nПутил. з-д _oЧ. 1- _tАльбом детальных чертежей пассажирского паровоза 2-3-0 с пароперегревателем системы Шмидта правительственного заказа _vПриложение... |
|
| 801 | 0 |
_aRU _bNLR _gpsbo |
|
| 801 | 0 |
_aRU _bRuMoRGB _2psbo |
|
| 801 | 1 |
_aRU _bProSoft-M _2rusmarc |
|
| 852 |
_aNLR _j34-21/12(3) |
||
| 942 | _cBOOK | ||
| 980 | _aNB | ||